01202nam a2200301 a 4500001001000000003000900010005001700019007001000036008003200046040002200078082002900100100003600129245008400165250001200249260005300261300003600314500003300350504003200383534010300415590002600518651006300544700003100607710004200638910003900680942001200719952015200731999001700883000027557DO-SdBNP20240903131140.0000027557110401s1983 dr ac 000 0 spa d aBPMSUbspacBPMSU 4a972.9304bA669h 19832221 aArchambault, Pedro M. (María)10aHistoria de la restauración /cPedro M. Archambault ; prólogo Rafael Vidal  a3a. ed. aSanto Domingo :bEditora de Santo Domingo,c1983 a330 p. :bil., retrs. ;c21 cm. aIncluye índice analítico aBibliografía : p. 313-323 pIncluye portada de la edición publicada en:cParís: La Libraire Technique et Economique, 1938. aInventariado, 2024/VM 4aRepública Dominicana xHistoria yRestauración 1863-651 aVidal, Rafael,eprólogo 2 aSociedad Dominicana de Bibliófilos  aVMateo V. Control de calidad BPMSU 2ddccBK 00102ddc40708CDaBPMETbBPMETd2024-09-03eErnesto Morales Pérez l0oBPMSU CD 972.9304 A669h 1983pBPMSU24090004r2024-09-03w2024-09-03yBK c14796d14796